000 00616cam a2200145 4500500
005 20260208002336.0
041 _afre
042 _adc
100 1 0 _aPaschoud, Adrien
_eauthor
245 0 0 _aAndrea Daher, Les Singularités de la France équinoxiale Histoire de la mission des pères capucins au Brésil (1612-1615), Paris, Honoré Champion, préf. de Roger Chartier, 2002, 346 p., bibl., index, ill.
260 _c2005.
500 _a50
786 0 _nL'Homme | 173 | 1 | 2005-01-01 | p. 199p-283p | 0439-4216
856 4 1 _uhttps://shs.cairn.info/revue-l-homme-2005-1-page-199p?lang=fr&redirect-ssocas=7080
999 _c1645928
_d1645928